000 00623nam a22001817a 4500
005 20251108164710.0
008 250721s1994 xx 000 0 ara d
082 1 4 _a811.109/عبد
100 1 _aعبد الله، محمد صادق حسن
245 1 0 _aالمعاني المتجددة في الشعر الجاهلي :
_bدراسة و تحليل و نقد /
264 1 _aالقاهرة :
_bمكتبة النهضة المصرية،
_c1994.
300 _a607 ص
650 1 7 _aالشعر العربي
650 1 7 _aالعصر الجاهلي
650 1 7 _aاللغة العربية
942 _2ddc
_cBK
999 _c12146
_d12146